Movies Quiz

Random Movies or Role Quiz

Movies by Cameo Quiz Stats

 Plays Quiz Updated Mar 6, 2017

Score 0/15 Timer 04:00
1 Play Today
Description Movie % Correct
Mike Tyson punches Alan in the face after the 'In the Air Tonight' drum crash.The Hangover
87%
Bob Barker brawls on the course with the title character.Happy Gilmore
78.4%
Brett Favre is Mary's ex.There's Something About Mary
77%
Tom Cruise (in a fat suit) is the executive producer of the movie within the movie.Tropic Thunder
70.8%
Bill Murray, only pretending to be undead, is killed in a practical joke gone wrong.Zombieland
69.5%
Barbara Billingsley speaks Jive, and helps translate for the stewardess.Airplane!
67.4%
Stan Lee rescues a girl from falling debris.Spider-Man
64.5%
Lance Armstrong assumes that Pete has a good reason to quit the team.DodgeBall: A True Underdog Story
60.7%
Description Movie % Correct
Michael Jackson is Agent M.Men in Black II
55.4%
Christie Brinkley drives a Ferrari and flirts with Clark.National Lampoon's Vacation
50.1%
Alice Cooper meets the title character backstage in Milwaukee.Wayne's World
48.8%
'Weird Al' Yankovic, and not Frank Drebin, is the center of attention on the tarmac.The Naked Gun
41.2%
Alfred Hitchcock walks down a street carrying a trumpet case.Vertigo
32.3%
Roman Polanski slashes Jake Gittes' nose at the reservoir.Chinatown
29.3%
Bruce Pandolfini watches Josh Waitzkin play chess and remarks on his ability.Searching for Bobby Fischer
19.6%

You're not logged in!

Compare scores with friends on all Sporcle quizzes.
OR
Log In

Show Comments

Extras

Top Quizzes Today


Score Distribution

Your Account Isn't Verified!

In order to create a playlist on Sporcle, you need to verify the email address you used during registration. Go to your Sporcle Settings to finish the process.

Report this User

Report this user for behavior that violates our Community Guidelines.

Details: